000 00535nam a2200169 i 4500
001 64279
003 ES-MaACL
005 20251011063109.0
007 t|
008 031223s1912 sp ||||1| spa d
100 1 _aFloriano, Antonio C.,
_d1892-1979
_951331
245 1 3 _aEl canto del profeta
_b: poema en prosa /
_cAntonio C. Floriano ; con un prólogo de Pío Baroja.
260 _aCáceres :
_b[s.n.],
_c1912.
700 1 _aBaroja, Pío,
_d1872-1956
_925752
852 _aES-MaACL
_jT-1316-F-1 bis
999 _c64279
_d64279